LEADER 05668 am 22008653u 450 001 996359646903316 005 20230621140147.0 010 $a0-520-32196-0 024 7 $a10.1525/luminos.84 035 $a(CKB)4100000010014476 035 $a(OAPEN)1006572 035 $a(DE-B1597)563081 035 $a(DE-B1597)9780520974203 035 $a(OCoLC)1198929676 035 $a(ScCtBLL)fad535d2-48f5-49f3-8348-8de5d256c7de 035 $a(oapen)https://directory.doabooks.org/handle/20.500.12854/29936 035 $a(EXLCZ)994100000010014476 100 $a20191217h20202020 fy 0 101 0 $aeng 135 $aurm|#---a|uu| 181 $ctxt$2rdacontent 182 $cc$2rdamedia 183 $acr$2rdacarrier 200 00$aExit and voice $ethe paradox of cross-border politics in Mexico /$fLauren Duquette-Rury 210 $aOakland$cUniversity of California Press$d2020 210 1$aOakland, California :$cUniversity of California Press,$d[2020]. 210 4$dİ2020 215 $a1 online resource (vi, 286 pages) $cillustrations; PDF, digital file(s) 320 $aIncludes bibliographical references and index. 327 $tFrontmatter --$tContents --$tList of Illustrations --$tAcknowledgments --$tIntroduction --$t1. Local Democratic Governance and Transnational Migrant Participation --$t2. Decentralization, Democratization, and the Feedback Effects of Sending State Outreach --$t3. Micro-Politics of Substitutive and Synergetic Partnerships --$t4. Effects of Violence and Economic Crisis on Hybrid Transnational Partnerships --$t5. Synergy and Corporatism in El Mirador and Atitlan, Comarga --$t6. Systematic Effects of Transnational Partnerships on Local Governance --$tConclusion: The Paradox of Cross-Border Politics --$tData Appendix A: Comparative Fieldwork in Mexico --$tData Appendix B: Transnational Matched Survey Data Instrument --$tData Appendix C: Principal Component and Cluster Analysis Using Survey Data --$tData Appendix D: Mexican Panel Data, Mexican Family Life Survey, and Statistical Analyses --$tNotes --$tBibliography --$tIndex 330 $a"Exit and Voice is a compelling account of how Mexican migrants with strong ties to their home communities impact the economic and political welfare of those they leave behind. In many decentralized democracies like Mexico, migrants step in to supply public goods when local or state government cannot. Though migrants? cross-border investments often improve citizens? access to these goods and create a more responsive local government, their work allows them to unintentionally exert political engagement and power, undermining the influence of those still living in their hometowns. Exit and Voice sheds light on how migrant transnational engagement refashions the meaning of community, democratic governance, and practices of citizenship in the era of globalization. ?An extraordinary analysis of what it means to be a migrant. Duquette-Rury gives us a text that goes well beyond the familiar, and situates the migrant in a complex set of vectors, both local and transnational, opening up the meaning of migration itself.? SASKIA SASSEN, author of Expulsions: Brutality and Complexity in the Global Economy ?How do people who move to another country sometimes become more influential in the place they left? Exit and Voice combines surveys and lively details from original fieldwork to explore this paradox and identify the fragile pillars sustaining efforts to live in two worlds.? DAVID FITZGERALD, author of Refuge beyond Reach: How Rich Democracies Repel Asylum Seekers ?Despite distance and difficulties, migrants around the world reach down into their pockets to help out the communities they left behind. Hoping that migration can spur development and possibly even democracy, scholars and policy makers find the effort laudable. But as Duquette-Rury demonstrates in this brilliant, beautifully written book, engaging from abroad is a challenging enterprise. A book to be savored by scholars and students alike.? ROGER WALDINGER, Distinguished Professor and Director of the UCLA Center for the Study of International Migration" 606 $aTransnationalism$xPolitical aspects$zMexico 606 $aMexican Americans$xPolitical activity 606 $aEmigration and immigration$xPolitical aspects 606 $aMigration, immigration & emigration$2bicssc 606 $aSociology$2bicssc 610 $aatitlan. 610 $aborders. 610 $acommunity. 610 $adecentralized democracy. 610 $ademocratic governance. 610 $aeconomics. 610 $ael mirador. 610 $ahispanic. 610 $ahome country. 610 $ahomeland. 610 $aimmigration. 610 $ainfrastructure. 610 $alatina. 610 $alatino. 610 $alatinx. 610 $amexican american. 610 $amigrants. 610 $amigration. 610 $amulticultural. 610 $anonfiction. 610 $apolitical engagement. 610 $apolitics. 610 $apublic goods. 610 $aremittance payments. 610 $aremittances. 610 $atransnational politics. 610 $aviolence. 615 0$aTransnationalism$xPolitical aspects 615 0$aMexican Americans$xPolitical activity. 615 0$aEmigration and immigration$xPolitical aspects. 615 7$aMigration, immigration & emigration 615 7$aSociology 676 $a304.80972 700 $aDuquette-Rury$b Lauren$0910609 801 2$bUkMaJRU 906 $aBOOK 912 $a996359646903316 996 $aExit and voice$92037979 997 $aUNISA LEADER 04630nam 22005413 450 001 9911019601503321 005 20240412080246.0 010 $a9781119859352 010 $a1119859352 010 $a9781119859321 010 $a1119859328 035 $a(MiAaPQ)EBC31267465 035 $a(Au-PeEL)EBL31267465 035 $a(CKB)31405598300041 035 $a(Exl-AI)31267465 035 $a(OCoLC)1429731704 035 $a(EXLCZ)9931405598300041 100 $a20240412d2024 uy 0 101 0 $aeng 135 $aurcnu|||||||| 181 $ctxt$2rdacontent 182 $cc$2rdamedia 183 $acr$2rdacarrier 200 10$aAdvances in Equine Laparoscopy 205 $a2nd ed. 210 1$aNewark :$cJohn Wiley & Sons, Incorporated,$d2024. 210 4$dİ2024. 215 $a1 online resource (446 pages) 225 1 $aAVS Advances in Veterinary Surgery Series 311 08$a9781119859314 311 08$a111985931X 327 $aIntro -- Advances in Equine Laparoscopy -- Contents -- Foreword -- Preface -- Acknowledgmen -- About the Companion Website -- List of Contributors -- Section I Laparoscopic Skills and Instrumentation -- 1 History of Laparoscopy -- 2 Fundamental Laparoscopic Skills -- 3 Suturing and Knot-Tying Techniques -- 4 Fundamentals of Energy Sources -- 5 Imaging Equipment and the Operating Room -- 6 Instruments -- Section II Laparoscopy in the Standing Horse -- 7 Sedation and Analgesia in the Standing Horse -- 8 Dietary Approaches to Optimize the Feed Restriction Period before Laparoscopic Surgery in Horses -- 9 Laparoscopic Diagnostic Techniques -- 10 Evaluation of Horses with Signs of Acute and Chronic Abdominal Pain -- 11 Standing Laparoscopic Exploration of the Small Intestines -- 12 Closure of the Nephrosplenic Space -- 13 Laparoscopic Foramen Epiploicum Mesh Closure (FEMC) Technique -- 14 Laparoscopic Adhesiolysis -- 15 Mesenteric Rent Repair -- 16 Standing Cryptorchidectomy -- 17 Techniques for Preventing the Recurrence of Acquired Strangulating Inguinal Herniation in the Stallion -- 18 Direct Closure of the Vaginal Ring Using Cyanoacrylate and Sutures or Tacks -- 19 Laparoscopic Intersex Gonadectomy -- 20 Bilateral Ovariectomy in the Mare -- 21 Bilateral Ovariectomy as a Treatment for Chronic Pyometra -- 22 Ovariectomy for the Removal of Large Pathologic Ovaries in Mares -- 23 Laparoscopic Imbrication of the Mesometrium to Restore Normal, Horizontal Orientation of the Uterus -- 24 Laparoscopic Repair of Uterine Tears -- 25 Nephrectomy -- 26 Standing Laparoscopic Repair of the Ruptured Equine Bladder -- 27 Ureteral Osteoplasty for Ectopic Ureter -- 28 Equine Thoracoscopy -- 29 Thoracoscopic Repair of Diaphragmatic Hernias -- Section IIa Two-Stage Procedures -- 30 Laparoscopic-assisted Surgery for Treatment of Extended Septic Funiculitis. 327 $a31 Large Granulosa Cell Tumors (Two Stage) -- 32 Laparoscopic-assisted Ovariohysterectomy (Two-step) in the Mare -- Section III Laparoscopy in the Recumbent Horse -- 33 General Anesthesia in the Recumbent Horse -- 34 Mesh Incisional Hernioplasty -- 35 Recumbent Cryptorchidectomy -- 36 Inguinal Hernioplasty -- 37 Ventral Abdominal Approach for Recumbent: Bilateral Laparoscopic Ovariectomy -- 38 Laparoscopic- and Endoscopic-assisted Removal of Cystic Calculi -- 39 Hand-assisted Laparoscopy -- Index -- EULA. 330 $aAdvances in Equine Laparoscopy, edited by Claude A. Ragle, is a comprehensive resource detailing the latest developments in the field of veterinary laparoscopic surgery for horses. This second edition includes contributions from leading experts and covers a wide range of topics, including laparoscopic skills, diagnostic techniques, and surgical procedures for both standing and recumbent horses. The book is designed for veterinary professionals seeking to enhance their knowledge and skills in equine laparoscopy, offering insights into techniques such as laparoscopic ovariectomy, hernioplasty, and thoracoscopic repair. It serves as an authoritative guide for veterinarians, veterinary surgeons, and students in veterinary medicine.$7Generated by AI. 410 0$aAVS Advances in Veterinary Surgery Series 606 $aVeterinary laparoscopic surgery$7Generated by AI 606 $aHorses$xSurgery$7Generated by AI 615 0$aVeterinary laparoscopic surgery 615 0$aHorses$xSurgery 676 $a636.1/0897 700 $aRagle$b Claude A$01645564 801 0$bMiAaPQ 801 1$bMiAaPQ 801 2$bMiAaPQ 906 $aBOOK 912 $a9911019601503321 996 $aAdvances in equine laparoscopy$93992110 997 $aUNINA